LEADER 05448nam 2200637Ia 450 001 9910139946103321 005 20170809163052.0 010 $a3-527-66082-8 010 $a1-282-27987-4 010 $a9786612279874 010 $a3-527-62491-0 010 $a3-527-62492-9 035 $a(CKB)1000000000790660 035 $a(EBL)482137 035 $a(OCoLC)352745566 035 $a(SSID)ssj0000338474 035 $a(PQKBManifestationID)11234107 035 $a(PQKBTitleCode)TC0000338474 035 $a(PQKBWorkID)10297217 035 $a(PQKB)10907628 035 $a(MiAaPQ)EBC482137 035 $a(EXLCZ)991000000000790660 100 $a19991002e20082000 uy 0 101 0 $ager 135 $aur|n|---||||| 181 $ctxt 182 $cc 183 $acr 200 10$aHandbuch Validierung in der Analytik$b[electronic resource] /$fStavros Kromidas ; mit Beitragen von J. Ermer, ... [et al.] 210 $aWeinheim $cWiley-VCH$d2008 215 $a1 online resource (528 p.) 300 $aOriginally published: 2000. 311 $a3-527-29811-8 320 $aIncludes bibliographical references and index. 327 $aHandbuch Validierung in der Analytik; Vorwort; Verzeichnis der Autoren; Zum Aufbau des Buches; Inhalt; Teil A Grundlagen; 1 Grundsa?tze der Validierung in der Analytik und im Pru?fwesen; 1.1 Einfu?hrung; 1.2 Definition, Erla?uterung und Kommentierung von Begriffen der Qualita?ts- sicherung; 1.2.1 Validierung; 1.2.2 Verifizierung; 1.2.3 Qualifizierung bzw. Qualifikation; 1.2.4 Charakterisierung; 1.2.5 Messen, Pru?fen, Justieren, Kalibrieren, Eichen; 1.3 Grundvoraussetzungen fu?r die Validierung einer analytischen Methode; 1.4 Die Unsicherheit der Ergebnisse von Messungen, Pru?fungen und Analysen 327 $a1.5 Methoden zur Charakterisierung von analytischen Methoden1.5.1 Die Charakterisierungsmethoden; 1.5.1.1 Erste Charakterisierungsmethode; 1.5.1.2 Zweite Charakterisierungsmethode; 1.5.1.3 Dritte Charakterisierungsmethode; 1.5.1.4 Vierte Charakterisierungsmethode; 1.5.1.5 Fu?nfte Charakterisierungsmethode; 1.5.1.6 Kombination der fu?nf Charakterisierungsmethoden; 1.5.1.7 Weitere Methoden vom Typ B; 1.6 Charakterisierung (Qualifizierung) von Methoden als letzter Schritt einer Validierungsprozedur; 1.7 Freigabe von Methoden, Dokumentation; 1.8 Schlußbemerkungen 327 $a2 Vor Beginn der Validierungsarbeiten: Voraussetzungen, Dokumentation, Gera?tequalifizierung2.1 Voraussetzungen; 2.2 Dokumentation; 2.3 Gera?tequalifizierung; 2.3.1 Das ,,V""-Modell; 2.3.2 Empfehlungen fu?r die Praxis; Teil B Die Praxis der Validierung; 3 Die Validierungsparameter (oder nach ISO 17025: Verfahrensmerkmale); 3.1 Literaturu?berblick; 3.2 Die Validierungsparameter einer analytischen Methode; 3.3 Pra?zision; 3.3.1 Definitionen und Erla?uterungen; 3.3.2 Pra?zisionsarten; 3.3.2.1 Wiederholpra?zision, Wiederholbarkeit (fru?her: Wiederholgenauigkeit) 327 $a3.3.2.2 Vergleichspra?zision, Vergleichbarkeit (ha?ufig auch: Reproduzierbarkeit, selten U?bertragbarkeit)3.3.2.3 Laborpra?zision oder laborinterne Vergleichspra?zision; 3.3.2.4 Weitere Pra?zisionen; 3.3.3 Meß- und Methodenpra?zision; 3.3.4 Rechenbeispiele; 3.3.4.1 Vergleich von Mittelwerten und Variationskoeffizienten; 3.3.4.2 Vergleich von Meßwertreihen; 3.3.4.3 Vergleich von Methoden, die aus stochastisch unabha?ngigen Schritten bestehen; 3.3.5 Angaben zur Pra?zision und deren Deutungsmo?glichkeiten; 3.3.6 Umgang mit Zahlen und Mo?glichkeiten zu deren Beurteilung 327 $a3.3.6.1 Ausreißertests oder Verla?ßlichkeitstests3.3.6.2 Trendtest nach Neumann; 3.3.6.3 Ermittlung der Wiederholgrenze; 3.3.6.4 F- und Cochran-Test; 3.3.6.5 Zusammenfassung der Tests und abschließendes Beispiel; 3.3.7 Abschließende Fragen zur Pra?zision; 3.3.7.1 Welche Pra?zision kann noch akzeptiert werden?; 3.3.7.2 Wie kann ich die Pra?zision erho?hen?; 3.3.7.3 Was sind die Vor- und Nachteile bei großer Pra?zision?; 3.4 Richtigkeit; 3.4.1 Definitionen und Erla?uterungen; 3.4.2 Pru?fung auf Richtigkeit; 3.4.2.1 Vergleich mit einem (oder mehreren) Referenz- oder Arbeitsstandard(s) 327 $a3.4.2.2 Vergleich mit einer unabha?ngigen, mo?glichst validierten Methode bekannter Richtigkeit 330 $aValidierung als Eignungsnachweis fu?r die Qualita?t der Analytik wird heute von jedem Auftraggeber und Kunden erwartet. Damit stehen Laborleitung und Qualtita?tsmanagement vor den Fragen wie:- Was muß unbedingt validiert werden und welche Aussagekraft haben Validierungsdaten?- Was wird von wem vorgegeben und wo sind wir frei?- Wie ko?nnen wir schnell und kostengu?nstig, aber richtig validieren?Die Antworten lassen sich jetzt mit diesem Handbuch finden. Es bietet neben einer Einfu?hrung in die Grundsa?tze und Praxis der Validierung insbesondere:- Eine Anleitung zum o?konomischen Umg 606 $aChemistry, Analytic$xQuality control 606 $aChemistry, Analytic$xMethodology$vHandbooks, manuals, etc 608 $aElectronic books. 615 0$aChemistry, Analytic$xQuality control. 615 0$aChemistry, Analytic$xMethodology 676 $a543 700 $aKromidas$b Stavros$0878029 701 $aErmer$b Joachim$0878030 801 0$bMiAaPQ 801 1$bMiAaPQ 801 2$bMiAaPQ 906 $aBOOK 912 $a9910139946103321 996 $aHandbuch Validierung in der Analytik$91960240 997 $aUNINA LEADER 00939nam a2200277 i 4500 001 991000926889707536 005 20020507180011.0 008 950227s1966 de ||| | ger 035 $ab10776874-39ule_inst 035 $aLE01304431$9ExL 040 $aDip.to Matematica$beng 082 0 $a533.2 084 $aAMS 76N15 084 $aQC168 100 1 $aBecker, Ernst$0344264 245 10$aGasdynamik /$cErnst Becker 260 $aStuttgart :$bTeubner,$c1966 - 248 p. : ill. ; 22 cm 490 0 $aLeitfaden der angewandten Mathematik und Mechanik (LAMM) ;$v6 500 $aBibliography: p. 240-243 650 4$aGas dynamics 907 $a.b10776874$b23-02-17$c28-06-02 912 $a991000926889707536 945 $aLE013 76N BEC11 (1966)$g1$i2013000023236$lle013$o-$pE0.00$q-$rl$s- $t0$u0$v0$w0$x0$y.i10875888$z28-06-02 996 $aGasdynamik$9922789 997 $aUNISALENTO 998 $ale013$b01-01-95$cm$da $e-$fger$gde $h0$i1 LEADER 06136nam 2200409 450 001 9910131128903321 005 20240207055252.0 010 $a1-4123-7262-3 024 7 $a10.1522/030167363 035 $a(CKB)3680000000166423 035 $a(NjHacI)993680000000166423 035 $a(EXLCZ)993680000000166423 100 $a20240207d2009 uy 0 101 0 $afre 135 $aur||||||||||| 181 $ctxt$2rdacontent 182 $cc$2rdamedia 183 $acr$2rdacarrier 200 10$aA? la recherche d'un monde oublie? $eles communaute?s religieuses de femmes au Que?bec de 1900 a? 1970 /$fNicole Laurin-Frenette [and four others] 210 1$a[Place of publication not identified] :$cJ.-M. Tremblay,$d2009. 215 $a1 online resource 225 0 $aA` la recherche d'un monde oublie´ ;$v3998 327 $aChapitre 1 : Du travail et de la passion -- -- Les religieuses : des fantasmes et des chiffres -- Des questions fe?ministes -- Encore plus femmes -- Une sociologie du travail fe?minin -- Une sociologie de l'E?glise et de l'E?tat -- Motifs et significations -- A? la recherche des sources -- La piste d'un drame -- Comment aborder les religieuses ? -- A? l'aube du virage technologique -- Chapitre 2 : A? la recherche de la me?thode -- -- Un monde englouti remonte a? la surface -- Le Canada Eccle?siastique livrera-t-il la nature exacte du travail des s?urs ? -- Strate?gie nume?ro 1 : des e?chantillons puise?s dans un Canada Eccle?siastique enrichi -- Strate?gie nume?ro 2 : un e?chantillon au hasard -- Compter ou ne pas compter : la mesure ou l'intuition du fait social ? -- Le spectre du Canada franc?ais -- La main-d'?uvre religieuse que?be?coise -- L'assiette de l'e?chantillon : 50 communaute?s et 42 885 religieuses -- Stratification de l'e?chantillon : 4 tailles et 7 types d'activite? -- « Toute religieuse doit avoir une chance connue d'e?tre incluse dans l'e?chantillon » -- Panique a? bord : il faut encore consulter les s?urs ! -- Comment trouver 3500 religieuses « pas une de moins » dans 25 communaute?s ? -- Une nouvelle communaute? -- Les capacite?s insoupc?onnables de l'e?chantillon -- L'art de planifier -- Chapitre 3 : Chroniques d'une saison chez les s?urs -- -- Des de?buts difficiles -- « Che?re madame, votre e?chantillon est pre?t » -- Amabilite?, patience, humilite? -- Plans de campagne -- S'apprivoiser mutuellement -- Myste?re ou perversite? ? -- S?urs d'hier et femmes d'aujourd'hui -- La nostalgie d'Elvis Presley et de l'Ave Maris Stella -- Une arme?e noire et blanche guerroyant contre les mise?res -- Entre « me?re et monstre » -- « A? votre place, j'irais voir les grands voiliers » -- L'e?nergie du de?sespoir ... -- Un de?barquement sur les deux rives du fleuve -- L'art de vivre au couvent -- Une pointe de de?prime -- ... et quelques tempe?tes -- Ou? l'on finit par entrevoir de grandes promesses... -- Chapitre 4 : Technique, art et cuisine -- -- L'organisation et la division du travail : d'une crise a? l'autre -- Codage et cate?gorisation -- Ponde?ration : d'une crise a? l'autre -- Analyse -- Chapitre 5 : La main-d'?uvre religieuse : structure interne et e?volution -- -- Les communaute?s : phe?nome?ne ancien et moderne -- Structure interne de la population : taille et activite?s -- La re?partition de la main-d'?uvre religieuse entre les types de communaute?s -- L'amour nous presse -- Chapitre 6 : Le mouvement de la population religieuse au XXe sie?cle : de la croissance a? l'effondrement -- -- Communaute?s et socie?te? : de la re?ciprocite? a? la brisure -- Mortalite? et espe?rance de vie -- Sorties et entre?es -- Le recrutement comme nerf de la guerre -- Les communaute?s comme me?canismes de re?gulation sociale -- Chapitre 7 : Les religieuses, pierre angulaire de la main-d'?uvre fe?minine -- -- A?ge des femmes lai?ques et religieuses -- Poids des religieuses dans la main-d'?uvre fe?minine -- Le noyau stable de la main-d'?uvre fe?minine -- Chapitre 8 : Vocation religieuse et marche? matrimonial -- -- Les trois vocations -- Rythme et intensite? du recrutement -- Structure du recrutement -- La propension des femmes a? la vie religieuse -- Se marier ou devenir religieuse -- Dieu premier servi -- Chapitre 9 : Sortir de communaute? et refaire sa vie -- -- Rythme et intensite? des sorties -- Structure et e?volution des sorties -- Facteurs institutionnels et individuels de sortie -- Refaire sa vie -- Une atmosphe?re de divorce -- Chapitre 10 : Des enfants a? revendre : l'origine ethnique et familiale des religieuses -- -- Quelques hypothe?ses sur l'essaimage -- Des filles a? revendre -- Des filles religieuses et des me?res prolifiques -- Chapitre 11 : Un univers social ambigu : l'origine de classe des religieuses -- -- L'origine sociale des religieuses diffe?re-t-elle selon le type de communaute? ? -- Un reflet de l'univers social que?be?cois -- L'ombre porte?e de la socie?te? traditionnelle -- Chapitre 12 : Quitter son village : l'origine socio-ge?ographique des religieuses -- -- Des filles de la campagne -- Du centre vers la pe?riphe?rie -- La strate?gie de recrutement des communaute?s -- Chapitre 13 : Du couvent au couvent : la scolarisation des futures religieuses -- -- Reflet des conditions scolaires de l'e?poque -- Des couventines -- Des filles instruites -- Les voies scolaires de la vocation -- Bibliographie -- -- Annexe 1 -- -- Annexe 2 : Tableau 59 -- -- Annexe 3 : Tableau 60 -- -- Annexe 4 : Liste des comte?s de 1961 selon la zone d'habitation. 517 $aÀ la recherche d'un monde oublié 606 $aMonasticism and religious orders for women 615 0$aMonasticism and religious orders for women. 676 $a255.9 700 $aLaurin-Frenette$b Nicole$0893963 702 $aDuchesne$b Lorraine 702 $aJuteau$b Danielle 702 $aVaccaro$b Maria 801 0$bNjHacI 801 1$bNjHacl 906 $aBOOK 912 $a9910131128903321 996 $aA? la recherche d'un monde oublie?$93910142 997 $aUNINA